1070 1035 1300 1959 1197 1947 1191 1661 1337 1056 1595 1414 1690 1597 1627 1446 1885 1979 1326 1086 1884 1895 1816 1544 1763 1882 1361 1717 1160 1531 1568 1484 1457 1639 1400 1307 1759 1359 1756 1727 1503 1876 1905 1916 1907 1853 1422 1928 1801 1663 1291 1484 1170 1624 1746 1444 1959 1113 1913 1929 1475 1293 1118 1778 1788 1119 1410 1128 1446 1506 1102 1441 1270 1924 1584 1001 1634 1957 1516 1671 1173 1382 1392 1163 1262 1030 1621 1426 1026 1074 1202 1669 1371 1587 1358 1190 1047 1115 1083 BCNSPRNW ULIB Ver.6.0+V

เปลี่ยนเป็นภาษาไทย

Change to English
 แสดงรายละเอียดบรรณานุกรม
  กลับหน้าหลัก

Brief Record : Get Marc (ISO 2709) : E-mail record : QR code < ปิดหน้าต่าง
LEADER : 00000nam 2200000uu 4500
001    13399128559
003     ULIB
008    230906s2565||||th 000 0 tha d
020    ^a9786168012277
060    ^aWY154^bศ499ก
100    ^aศิริอร สินธุ,บรรณาธิการ
245    ^aการส่งต่อผู้ป่วยฉุกเฉินวิกฤตระหว่างสถานพยาบาล = Interfacility transfer for critical and emergency patient
250    ^aพิมพ์ครั้งที่ 1
260    ^aนนทบุรี :^bสภาการพยาบาล,^c2565
300    ^a207 หน้า;^b30 ซม.
650    ^aการส่งต่อผู้ป่วยฉุกเฉินวิกฤต
945    ^p0^l0^i29755
945    ^p0^l0^i29756
945    ^p0^l0^i29757
945    ^p0^l0^i29758
945    ^p0^l0^i29759
999    ^aกัณชพร จุลอักษร
รายการนี้ยังไม่มีแท็ก
คุณยังไม่ได้ล็อกอิน คุณสามารถมีกิจกรรมร่วมกับเว็บไซต์ได้ แต่ต้องล็อกอินก่อน ::
  ล็อกอิน

รายการสื่อสารสนเทศ

ลำดับที่ ประเภท เลขเรียก/บาร์โค้ด สถานที่ สถานะ
1. หนังสือสำรอง
หนังสือสำรอง
WY154 ศ499ก ฉ.1 
  Barcode: 29755
ห้องสมุดวิทยาเขตนครสวรรค์
►หนังสือทั่วไป:l:General Books
บนชั้น
2. วิทยาศาสตร์การแพทย์ และสุขภาพ
วิทยาศาสตร์การแพทย์ และสุขภาพ
WY154 ศ499ก ฉ.2 
  Barcode: 29756
ห้องสมุดวิทยาเขตนครสวรรค์
►หนังสือทั่วไป:l:General Books
บนชั้น
3. วิทยาศาสตร์การแพทย์ และสุขภาพ
วิทยาศาสตร์การแพทย์ และสุขภาพ
WY154 ศ499ก ฉ.3 
  Barcode: 29757
ห้องสมุดวิทยาเขตนครสวรรค์
►หนังสือทั่วไป:l:General Books
บนชั้น
4. วิทยาศาสตร์การแพทย์ และสุขภาพ
วิทยาศาสตร์การแพทย์ และสุขภาพ
WY154 ศ499ก ฉ.4 
  Barcode: 29758
ห้องสมุดวิทยาเขตนครสวรรค์
►หนังสือทั่วไป:l:General Books
บนชั้น
5. วิทยาศาสตร์การแพทย์ และสุขภาพ
วิทยาศาสตร์การแพทย์ และสุขภาพ
WY154 ศ499ก ฉ.5 
  Barcode: 29759
ห้องสมุดวิทยาเขตนครสวรรค์
►หนังสือทั่วไป:l:General Books
บนชั้น

รายการใกล้เคียง
    ชื่อเรื่อง [การส่งต่อผู้ป่วยฉุกเฉินวิกฤตระหว่างสถานพยาบาล = Interfacility transfer for critical and emergency patient]

    ผู้แต่ง [ศิริอร สินธุ,บรรณาธิการ]

    หัวเรื่อง [การส่งต่อผู้ป่วยฉุกเฉินวิกฤต]

BibComment


ยังไม่เคยถูกคอมเมนท์

คอมเมนท์ทรัพยากรรายการนี้
  คอมเมนท์: การส่งต่อผู้ป่วย..


 Copyright 2026. Bcnsprnw @Library